| 000 | 00542nam a22001817a 4500 | ||
|---|---|---|---|
| 003 | OSt | ||
| 005 | 20260421020806.0 | ||
| 008 | 250703b |||||||| |||| 00| 0 eng d | ||
| 020 | _a9780323402248 | ||
| 040 |
_aDWCL - Main lib _cOC |
||
| 082 | _aFil. 610.7301 A436n 2018 | ||
| 100 | _aAligood, Martha Raile | ||
| 245 |
_aNursing Theorists and their works/ _cMartha Raile Aligood |
||
| 250 | _a 9th edition | ||
| 260 |
_aSingapore : _b El;sevier, _cc2018 |
||
| 650 | _a1. Nursing-Philosophy | ||
| 942 |
_2ddc _cBK - FIL _e9th edition _kFil. _n0 |
||
| 999 |
_c3355 _d3355 |
||